| 000 | 00574nam a22001457a 4500 | ||
|---|---|---|---|
| 003 | macl | ||
| 005 | 20180407133931.0 | ||
| 008 | 180407b xxu||||| |||| 00| 0 eng d | ||
| 040 | _cmacl | ||
| 100 |
_aगुरचरण सिंह अरशी _971750 |
||
| 245 | _aदेवेन्द्र सत्यार्थी की चुनिंदा कहानियां | ||
| 260 |
_aनई दिल्ली _bराष्ट्रीय पुस्तक न्यास _c2014 |
||
| 650 |
_aकहानयिां _971751 |
||
| 942 |
_2ddc _cHIN |
||
| 999 |
_c57512 _d57512 |
||